000 00327nam a22001337a 4500
008 171018b xxu||||| |||| 00| 0 eng d
020 _ax00079vbdp
041 _aeng
080 _a338
100 _a53
101 _aMEN
245 _aLEADING AND MANAGING CREATORS, INVENTORS, AND INNOVATORS
_cCARAYANNIS,E.G
942 _2udc
_cBK
999 _c34724
_d34724